Fire fighting on ships / (Record no. 3849)

000 -LEADER
fixed length control field 00416nam a2200145 4500
008 - FIXED-LENGTH DATA ELEMENTS--GENERAL INFORMATION
fixed length control field 200703b ||||| |||| 00| 0 eng d
082 00 - DEWEY DECIMAL CLASSIFICATION NUMBER
Classification number 623.8886
Item number R2886
100 ## - MAIN ENTRY--PERSONAL NAME
9 (RLIN) 642
Personal name Reanney, Edward Webster
245 10 - TITLE STATEMENT
Title Fire fighting on ships /
250 ## - EDITION STATEMENT
Edition statement 4th ed.
260 ## - PUBLICATION, DISTRIBUTION, ETC. (IMPRINT)
Place of publication, distribution, etc Glasgow
Name of publisher, distributor, etc Ferguson
Date of publication, distribution, etc 1969
300 ## - PHYSICAL DESCRIPTION
Extent xi, 168 p.
650 #0 - SUBJECT ADDED ENTRY--TOPICAL TERM
Topical term or geographic name as entry element Ships-- Fires and Fire Prevention
942 ## - ADDED ENTRY ELEMENTS (KOHA)
Source of classification or shelving scheme
Item type Books
Holdings
Withdrawn status Lost status Source of classification or shelving scheme Damaged status Not for loan Permanent location Current location Date acquired Full call number Barcode Date last seen Koha item type
          IMU Kolkata IMU Kolkata 2020-07-03 623.8886 R2886 06921 2020-07-03 Books
Designed and Maintained by IMU-KC Library, Kolkata Campus © Copyright All Rights Reserved

webs counters

Powered by Koha